| 000 | 00838cab a2200277 4500 | ||
|---|---|---|---|
| 001 | WB2921-45 | ||
| 008 | 090401t1993 xxu||||| |||| 00| 0 eng d | ||
| 035 | _a(Sirsi) u42928 | ||
| 041 | _aeng | ||
| 245 | _aValuation error brings tax bill | ||
| 260 | _c1993 | ||
| 350 | _a0 | ||
| 490 |
_aFarmers' Weekly _v118(22) 28 May 1993, 10(1) |
||
| 520 | _aFarmers may face large tax increases as a result of paper profits where animal valuations for the Inland Revenue are assessed on market value rather on `herd basis`. | ||
| 650 | _aANNUAL VALUATIONS | ||
| 650 | _aDEEMED COST BASIS | ||
| 650 | _aHERD BASIS | ||
| 650 | _aINCOME TAX | ||
| 650 | _aLIVESTOCK VALUATIONS | ||
| 650 | _aTRADING PROFIT | ||
| 690 | _aRATING AND VALUATION | ||
| 690 | _aRURAL PRACTICE | ||
| 690 | _aTAXATION | ||
| 942 | _n0 | ||
| 948 | _c04/03/1997 | ||
| 999 |
_c27455 _d27455 |
||